| 000 | 00437nam a22001817a 4500 | ||
|---|---|---|---|
| 005 | 20250808122236.0 | ||
| 008 | 250808b |||||||| |||| 00| 0 eng d | ||
| 020 |
_a9780747261292 _qpbk |
||
| 041 | _aeng | ||
| 082 | _a823.914 HOL | ||
| 100 | _aHolden Wendy | ||
| 245 |
_aSimply Divine _c/ Wendy Holden |
||
| 250 | _a1st ed | ||
| 260 |
_aLondon _bHeadline _c1999 |
||
| 300 |
_a439p. : _c18cm |
||
| 650 | _aFiction | ||
| 942 | _cENGLISH | ||
| 999 |
_c579337 _d579337 |
||